000 01605nam a2200373Ia 4500
001 ebr10447195
003 CaPaEBR
006 m u
007 cr cn|||||||||
008 100126s2010 txuab s 001 0ceng d
010 _z 2010003498
020 _z1603442006 (pb-flexibound : alk. paper)
020 _z9781603442008 (pb-flexibound : alk. paper)
020 _z9781603445115 (ebook)
040 _aCaPaEBR
_cCaPaEBR
035 _a(OCoLC)773584528
050 1 4 _aGE55
_b.T48 2010eb
082 0 4 _a333.72092/2764
_222
245 0 4 _aThe Texas Legacy Project
_h[electronic resource] :
_bstories of courage and conservation /
_cedited by David Todd and David Weisman ; foreword by Carter Smith.
250 _a1st ed.
260 _aCollege Station :
_bTexas A&M University Press,
_c2010.
300 _axvi, 278 p. :
_bill. (some col.), col. maps.
500 _aIncludes index.
533 _aElectronic reproduction.
_bPalo Alto, Calif. :
_cebrary,
_d2011.
_nAvailable via World Wide Web.
_nAccess may be limited to ebrary affiliated libraries.
610 2 0 _aTexas Legacy Project.
650 0 _aConservation of natural resources
_zTexas
_xHistory
_y20th century.
650 0 _aEnvironmentalists
_zTexas
_vInterviews.
655 7 _aElectronic books.
_2local
700 1 _aTodd, David,
_d1959-
700 1 _aWeisman, David,
_d1961-
710 2 _aConservation History Association of Texas.
830 0 _aLouise Lindsey Merrick natural environment series.
856 4 0 _uhttp://site.ebrary.com/lib/rucke/Doc?id=10447195
_zAn electronic book accessible through the World Wide Web; click to view
999 _c136762
_d136762